000 00302nam a22001217a 4500
008 180806b xxu||||| |||| 00| 0 eng d
082 _a813.52
245 _aLippincott's Video Series for Nursing Assistants
_cCarter,P.J
260 _c2006
300 _a1
_fCD
440 _x0781793599
942 _2ddc
_cMX
999 _c46817
_d46817